000
00289nam a2200121Ia 4500
005
20251222155038.0
008
251222s9999||||xx |||||||||||||| ||spa||
082
_a
ANT.20
100
_a
CASANOVA LENTI Carlos.
245
0
_a
Agua Hidroterapia
264
_b
Carlos Casanova L.
942
_c
LIB
999
_c
36835
_d
36835